DPH v Európskej únii

Úprava dane odpočítanej pri investičnom majetku v § 54 zákona o DPH úzko súvisí s postupom pri odpočítaní dane podľa § 49, t.j. s vecným priraďovaním nakúpených tovarov a služieb podľa účelu ich použitia. Čo predstavuje investičný majetok. Čo predstavuje zmenu účelu použitia investičného majetku pod...

Ausführliche Beschreibung

Gespeichert in:
Bibliographische Detailangaben
1. Verfasser: Jurišová, Anna
Format: Buchkapitel
Sprache:Slowakisch
Schlagworte:
Tags: Tag hinzufügen
Keine Tags, Fügen Sie das erste Tag hinzu!

MARC

LEADER 00000naa$a2200000$$$4500
001 0050261
005 20231106093346.3
041 0 |a slo 
044 |a SK 
245 1 0 |a DPH v Európskej únii  |c Anna Jurišová 
520 |a Úprava dane odpočítanej pri investičnom majetku v § 54 zákona o DPH úzko súvisí s postupom pri odpočítaní dane podľa § 49, t.j. s vecným priraďovaním nakúpených tovarov a služieb podľa účelu ich použitia. Čo predstavuje investičný majetok. Čo predstavuje zmenu účelu použitia investičného majetku podľa zákona o DPH. Príklady. 
610 2 0 |a dane z hodnoty pridanej 
610 2 0 |a Európska únia 
610 2 0 |a majetok investičný 
610 2 0 |a zákony 
100 1 |a Jurišová, Anna